Влияние ультразвукового воздействия на нанопорошок TZ-3Y-S; Перспективы развития фундаментальных наук

Podrobná bibliografie
Parent link:Перспективы развития фундаментальных наук.— 2013.— [С. 951-953]
Hlavní autor: Толкачёв О. С. Олег Сергеевич
Korporativní autor: Национальный исследовательский Томский политехнический университет
Další autoři: Филимонов С. Ю. Семён Юрьевич (научный руководитель), Иванов Ю. Ф. Юрий Федорович
Shrnutí:Заглавие с экрана
This research was made by X-ray diffraction method, scanning and transmission electron diffraction microscopy. It was found that high-power ultrasonic vibrations exposure was accompanied by dispersion of zirconium dioxide powder partly-stabilized with yttrium oxide. (3% mol. Y2O3).
Jazyk:ruština
Vydáno: 2013
Edice:Наноматериалы и нанотехнологии
Témata:
On-line přístup:http://www.lib.tpu.ru/fulltext/c/2013/C21/325.pdf
Médium: MixedMaterials Elektronický zdroj Kapitola
KOHA link:https://koha.lib.tpu.ru/cgi-bin/koha/opac-detail.pl?biblionumber=603989

MARC

LEADER 00000naa2a2200000 4500
001 603989
005 20260205125222.0
035 |a (RuTPU)RU\TPU\conf\1237 
035 |a RU\TPU\conf\1235 
090 |a 603989 
100 |a 20140213d2013 k y0rusy50 ca 
101 0 |a rus 
102 |a RU 
135 |a drcn ---uucaa 
181 0 |a i  
182 0 |a b 
200 1 |a Влияние ультразвукового воздействия на нанопорошок TZ-3Y-S  |d Effect of ultrasonic influence on nanopowder TZ-3Y-S  |f О. С. Толкачёв, С. Ю. Филимонов  |g науч. рук. Ю. Ф. Иванов 
203 |a Текст  |c электронный 
215 |a 1 файл(409 Кб) 
225 1 |a Наноматериалы и нанотехнологии 
300 |a Заглавие с экрана 
320 |a [Библиогр.: с. 953 (3 назв.)] 
330 |a This research was made by X-ray diffraction method, scanning and transmission electron diffraction microscopy. It was found that high-power ultrasonic vibrations exposure was accompanied by dispersion of zirconium dioxide powder partly-stabilized with yttrium oxide. (3% mol. Y2O3). 
337 |a Adobe Reader 
463 1 |0 (RuTPU)RU\TPU\conf\715  |t Перспективы развития фундаментальных наук  |l Prospects of fundamental sciences development  |o сборник научных трудов X Международной конференция студентов и молодых ученых, г. Томск, 23-26 апреля 2013 г.  |f Национальный исследовательский Томский политехнический университет (ТПУ) ; ред. коллегия Е. А. Вайтулевич ; Г. А. Лямина ; Г. А. Воронова ; М. Е. Семенов ; А. В. Устинов ; Н. С. Пушилина  |v [С. 951-953]  |d 2013 
510 1 |a Effect of ultrasonic influence on nanopowder TZ-3Y-S  |z eng 
610 1 |a электронный ресурс 
610 1 |a труды учёных ТПУ 
610 1 |a ультразвуковые воздействия 
610 1 |a нанопорошки 
610 1 |a диоксид циркония 
610 1 |a керамика 
700 1 |a Толкачёв  |b О. С.  |c химик-технолог  |c техник Томского политехнического университета  |f 1990-  |g Олег Сергеевич  |3 (RuTPU)RU\TPU\pers\32441 
701 1 |a Филимонов  |b С. Ю.  |c физик  |c ведущий инженер НОИЦ "Наноматериалы и нанотехнологии" Института физики высоких технологий Томского политехнического университета  |f 1986-  |g Семён Юрьевич  |3 (RuTPU)RU\TPU\pers\28218 
702 1 |a Иванов  |b Ю. Ф.  |c российский ученый, специалист в области наноматериалов и нанотехнологий  |c профессор Томского политехнического университета, доктор физико-математических наук  |c ведущий научный сотрудник Института сильноточной электроники СО РАН  |f 1955-  |g Юрий Федорович  |4 727 
712 0 2 |a Национальный исследовательский Томский политехнический университет  |c (2009- )  |9 26305 
801 1 |a RU  |b 63413507  |c 20101016 
801 2 |a RU  |b 63413507  |c 20230324  |g RCR 
856 4 |u http://www.lib.tpu.ru/fulltext/c/2013/C21/325.pdf 
942 |c CF